Normal view
MARC view
Entry Personal Name
001 - CONTROL NUMBER
- control field: 543728
003 - CONTROL NUMBER IDENTIFIER
- control field:
005 - DATE AND TIME OF LATEST TRANSACTION
- control field: 20210602173817.0
008 - FIXED-LENGTH DATA ELEMENTS
- fixed length control field: 210602|| aca||aabn | a|a d
040 ## - CATALOGING SOURCE
- Original cataloging agency:
- Transcribing agency:
100 ## - HEADING--PERSONAL NAME
- Personal name: Keats, John,
- Dates associated with a name: 1795-1821
- General subdivision: Knowledge
- General subdivision: Medicine
670 ## - SOURCE DATA FOUND
- Source citation: Work cat.: (): De Almeida, Hermione, 1950- 543727, Romantic medicine and John Keats/, c 1991
